Insalubridade e Periculosidade. Aspectos Tčnicos e Prt̀icos

Detalles Bibliográficos
Autor principal: Messias Saliba, Tuffi
Formato: Libro
Lenguaje:portugués
Publicado: Brasil LTR 2015
Materias:
Acceso en línea:Acceso restringido

MARC

LEADER 00000nam a22000007a 4500
005 2016022603233.0
007 cr|||| ||u|
008 160226s bl ||||| |||| 00||0 por d
020 |a 978-85-361-8620-7 
035 |a 13121 
040 |a vLex 
090 |c 5936  |d 5936 
100 1 |a Messias Saliba, Tuffi  
245 1 0 |a Insalubridade e Periculosidade. Aspectos Tčnicos e Prt̀icos  |h [Rrecurso electrn̤ico] /  |c Tuffi Messias Saliba  
256 |a Servicio en ln̕ea  
260 |a Brasil  |b LTR  |c 2015 
300 |a 1 recurso electrn̤ico (14® ediȯ̂ 264 pg̀s) 
506 1 |a Contenido solo disponible en los productos indicados  |d vLex Global  |d vLex Global (Academic Edition, excluding Law Schools)  |d vLex Global (U.S. Academic Edition, Law Schools)  |d vLex Global (U.S. Academic Edition, excluding Law Schools)  |d vLex Global (Academic Edition, Law Schools) 
650 0 4 |a Derecho  |z Brasil 
740 0 |a vLex libros (servicio en ln̕ea) 
856 4 0 |u http://vlex.com/source/insalubridade-periculosidade-13121  |z Acceso restringido 
942 |c BOOK 
999 0 |a Law